[Event "Reinstorf op"]
[Site "Reinstorf"]
[Date "2022.01.30"]
[Round "2"]
[White "Zimmermann, Luc"]
[Black "Luthardt, Christopher"]
[Result "1-0"]
[WhiteElo "2120"]
[BlackElo "1616"]
[PlyCount "79"]
[EventDate "2022.01.29"]
[EventType "swiss"]
[EventRounds "9"]
[EventCountry "GER"]
[SourceTitle "CBM 206 Extra"]
[Source "ChessBase"]
[SourceDate "2022.03.31"]
[SourceVersion "1"]
[SourceVersionDate "2022.03.31"]
[SourceQuality "1"]

1. e4 e5 2. Nf3 Nc6 3. Bc4 Nf6 4. d3 Bc5 5. c3 d6 6. 0-0 Bg4 7. Nbd2 0-0 8. h3 Bh5 9. Re1 a6 10. a4 Ba7 11. Nf1 Re8 12. Ng3 Bg6 13. Bg5 h6 14. Bh4 Nb8 15. Qb3 Nbd7 16. Qxb7 Nc5 17. Qb4 Rb8 18. Qa3 c6 19. Rad1 Qb6 20. b4 Ne6 21. Rd2 Nh5 22. Nxh5 Bxh5 23. g4 Bg6 24. a5 Qb7 25. Bg3 h5 26. Nh4 Bh7 27. Nf5 Bxf5 28. gxf5 Ng5 29. Kg2 d5 30. Ba2 d4 31. Rb1 dxc3 32. Qxc3 Bd4 33. Qc4 Qb5 34. h4 Qxc4 35. Bxc4 Nh7 36. Bxa6 Bc3 37. Rc2 Bxb4 38. Rxc6 Bxa5 39. Rxb8 Rxb8 40. Bxe5 1-0